00668nam a2200181 a 450000100100000000500170001000800410002704000250006804100380009308200150013124501160014626000740026230000360033670000310037270000350040370000240043870000240046200002783920200930031134.0110405s1994 dr ac 000 0 spa d aDO-SdBNPbspacBNPHU17aspaheng2Código de idioma MARC axxxbB213c01aBanco Central de la República Dominicana :bperfil 1994-1995 /ctraducción Carmen Nadal de Frau...[et. al]. aSanto Domingo :bBanco Central de la República Dominicana,c[1994]. a174 p. :bil., retrs. ;c28 cm.12aNadal de Frau, Carmenetr.12aPagan Caballero, Cristinaetr.1 aValverde, Luisetr.1 aFaber, Leonardetr.